| 000 | 01023nam a22002417a 4500 | ||
|---|---|---|---|
| 005 | 20100910112945.0 | ||
| 008 | 100910t xxu||||| |||| 00| 0 hin d | ||
| 010 | _aHIN-90425 | ||
| 020 |
_c200.00 _a9788180020155 |
||
| 035 | _aHN-62771 | ||
| 037 | _bDBAD / PUB | ||
| 040 | b |
_aDPL _bHN |
|
| 082 | _aउ | ||
| 100 |
_919362 _aमहेन्द्र भीष्म |
||
| 245 |
_aजय ! हिन्द की सेना / _cमहेन्द्र भीष्म |
||
| 260 |
_aलखनऊ _bभारत प्रकाशन _c2010 |
||
| 270 |
_a17, अशोक मार्ग _bलखनऊ _k(0522) 2230381 _l011 41611866 |
||
| 300 |
_a182पृ. _c22सेमी (सजिल्द) |
||
| 650 |
_91169 _aहिन्दी कथा साहित्य |
||
| 700 | _919359 | ||
| 942 |
_2ddc _cHN _hउ _mमहेन्द्र |
||
| 999 |
_c45084 _d45084 |
||